Escolástica y humanismo renacentista /

Obra que reune los trabajos presentados en el seminario Escolástica y humanismo llevado a cabo del 12 al 14 de septiembre del 2024 en la Università Pontificia Salesiana de Roma. Los textos reunidos en su idioma original se encuentran en español, italiano, francés e inglés y presentan distintos estud...

Descripció completa

Guardat en:
Dades bibliogràfiques
Autor corporatiu: Expert Seminar Escolástica y humanismo ( Roma, Italia)
Altres autors: Mantovani, Mauro (edición) (edición), Ramis Barceló, Rafael (edición) (edición)
Format: Actes de congresos Llibre
Idioma:espanyol
Publicat: Madrid, España : Sindéresis, 2025, c2025
Col·lecció:(Instituto de Estudios Hispánicos en la Modernidad ; 29)
Matèries:
Etiquetes: Afegir etiqueta
Sense etiquetes, Sigues el primer a etiquetar aquest registre!

MARC

LEADER 00000nam^a2200000^a^4500
001 000625059
005 20251128000000.0
009 20260310134008.88
020 |a 978-84-10120-99-0 
037 |a Acervo ITESO - Biblioteca 
041 |a ESP 
082 |a 189. 4  |b ESC 
111 |a Expert Seminar Escolástica y humanismo (  |d 2024 :  |c Roma, Italia) 
245 1 0 |a Escolástica y humanismo renacentista /  |c Ed. de M. Mantovani, R. Ramis Barceló. 
264 4 |a Madrid, España :  |b Sindéresis,  |c 2025, c2025 
300 |a 288 p. 
336 |a texto  |b txt  |2 rdacontenido 
337 |a sin mediación  |b n  |2 rdamedio 
338 |a volumen  |b nc  |2 rdasoporte 
440 1 |a (Instituto de Estudios Hispánicos en la Modernidad ;  |v 29) 
520 |a Obra que reune los trabajos presentados en el seminario Escolástica y humanismo llevado a cabo del 12 al 14 de septiembre del 2024 en la Università Pontificia Salesiana de Roma. Los textos reunidos en su idioma original se encuentran en español, italiano, francés e inglés y presentan distintos estudios acerca de la relación entre la escolástica, de la tradición filosófica medieval, y el humanismo de la filosofía del Renacimiento. 
521 |a Peticiones 2025 
546 |a Edición multilingüe 
649 |a XX 
650 |a Humanismo -  |x Historia y Crítica 
650 |a Escolasticismo -  |x Historia y Crítica -  |x Tema Principal 
650 |a Filosofía del Renacimiento -  |x Historia y Crítica 
650 |a Filosofía Medieval -  |x Historia y Crítica 
650 |a Filosofía -  |x Historia y Crítica 
650 |a Alighieri, Dante 
650 |a Cano, Melchor 
650 |a Capreolus, John 
650 |a Donati, Alessandro 
650 |a Fonseca, Pedro 
700 |a Mantovani, Mauro  |e (edición) 
700 |a Ramis Barceló, Rafael  |e (edición) 
910 |a Fondo General 
920 |a Impresos - Libros 
930 |a Colección General 
905 |a 101 
901 |a 625059-10  |b IT1  |c ACC  |i C191167  |u 20251128 
902 |a https://opac.biblio.iteso.mx/vufind/Record/000625059